000 00635nam a22002297a 4500
003 UA-OsUOA
001 94865
007 ta
008 20130218b un ||||| |||| 00| 0 ukr d
100 _aДенчев П.
090 _a821.163.2
_bД33
942 _cBK
040 _aUA-OsUOA
_brus
_cUA-OsUOA
_dUA-OsUOA
245 _aЗвезды под землей
_bдокументальная повесть
300 _a150 с.
955 _a3
041 _arus
080 _a821.163.2
260 _aДонецк
_bДонбас
_c1983
650 7 _a82 Література. Літературознавство
_2UDC
999 _c381134
_d381134